| 000 | 00825 a2200205 4500 | ||
|---|---|---|---|
| 008 | 080822t xxu||||| |||| 00| 0 eng d | ||
| 010 | _aENG-85076 | ||
| 020 |
_a8188689556 _c795.00 |
||
| 035 | _aEN-68609 | ||
| 037 | _bD.B.Act / Pub | ||
| 082 | _a621.319 | ||
| 100 | _aMaruvada, P. Sarma | ||
| 245 |
_aCorona performance of high-voltage transmission linrs _cby P. Sarma Maruvada |
||
| 260 |
_aNew Delhi _bOverseas Press India _c2006 |
||
| 270 |
_a7/28, Ansari Road, Darya Ganj _bNew Delhi _e110 002 _moverseas@de13.vsnl.nic.in |
||
| 300 |
_axv,310p. _b23cm. (Hb) |
||
| 500 | _aincludes index | ||
| 942 |
_adpl _cEN _k621.319 / MAR _2ddc _h621.319 _mMAR |
||
| 999 |
_c1029 _d1029 |
||